Jason Statham :Quel film lui correspond? - Statistiques

Statistiques générales
  • Ce quiz a été pris 186 fois
  • Le résultat moyen est 9 sur 15
Statistiques - réponses
Question Réponse % Correct
Pilote des véhicules construits pour s'échapper de prison? Course A La Mort
83%
Film Dans Lequel Le Personnage Principal Incarné Par Jason Statham Se Nomme Frank Martin Le Transporteur
83%
Un vendeur de voitures au passé trouble se laisse entraîner par une amie dans un vol de banque aux ramifications insoupçonnées. Braquage A L'Anglaise
79%
Une équipe de chercheurs en pleine opération d'extraction minière illégale dans l'océan se retrouve en péril. En Eaux Troubles
79%
Un jour, une adolescente, qui subit les réprimandes d'un garçon à l'école, lui donne un coup de poing. L'oncle du garçon s'avère être le dangereux chef d'une bande de narcotrafiquants. Homefront
71%
Quand son plus redoutable ennemi enlève sa femme, il est obligé de parcourir le monde pour remplir trois assassinats impossibles. Mechanic: Resurrection
65%
Film Qui Se Passe Dans Les Années 2176 Ghost Of Mars
63%
Ce ne sont ni des mercenaires, ni des agents secrets. Ils choisissent eux-mêmes leurs missions et n'obéissent à aucun gouvernement. Expendables
58%
il doit traquer et arrêter la vente d'une nouvelle technologie d'armes mortelle Opération Fortune
54%
Ancien agent des forces spéciales britanniques, a déserté et vit à présent dans la rue et dans sa fuite atterrit dans un appartement inoccupé. Crazy Joe
52%
Film dans lequel Jason Statham joue aux cotés du célèbre Brad Pitt Snatch
50%
Alex se trouve un travail auprès d'une entreprise de camions blindés,dont les membres entretiennent une amitié serrée. Or, il s'en cache bien plus derrière l'apparence d'Alex. Un Homme En Colère
50%
Lors d'un hold-up, il se fait doubler par ses associés qui lui dérobent sa part de butin et le laissent pour mort. Parker
44%
Depuis l'assassinat de son meilleur ami, l'agent du FBI Jack Crawford n'a plus qu'une obsession : retrouver celui que tout désigne comme coupable, et faire justice lui-même. Rogue
31%
Une banque est braquée par cinq hommes cagoulés et tout le personnel et les clients sont retenus en otages. Quand la police arrive sur les lieux, le chef des braqueurs, demande à voir l'inspecteur Quentin Conners, suspendu de ses fonctions suite à une bavure. Chaos
17%
Aucun quiz correspondant
Distribution des résultats
% des personnes avec chaque résultat
Percentile par nombre de réponses
Votre historique - résultats
Vous n’avez pas pris ce quiz